[Event "SR 3. liga A2 2009/2010"]
[Site "?"]
[Date "2010.03.14"]
[Round "10.2"]
[White "Kocak, Branislav"]
[Black "Merva, Frantisek"]
[Result "0-1"]
[WhiteElo "1934"]
[BlackElo "2053"]
[PlyCount "117"]
[EventDate "2009.??.??"]

1. d4 Nf6 2. c4 e6 3. Nf3 b6 4. Nc3 Bb4 5. Bg5 h6 6. Bxf6 Qxf6 7. e3 Bb7 8. Be2
Bxc3+ 9. bxc3 d6 10. O-O O-O 11. Qd3 Nd7 12. e4 e5 13. Rfe1 Rae8 14. Nd2 Re7
15. Bf3 Rfe8 16. Bg4 Nf8 17. g3 Nh7 18. Bh3 Ng5 19. Bg2 Bc8 20. f3 Nh3+ 21.
Bxh3 Bxh3 22. Nb3 h5 23. Rad1 g5 24. Nd2 Kg7 25. Re3 Bc8 26. Kg2 Ba6 27. Rde1
Bb7 28. Nb3 Qg6 29. Nd2 Ba6 30. Nb3 Qe6 31. Nd2 Bc8 32. Kg1 Ba6 33. Kg2 Qg6 34.
Nb3 d5 35. exd5 Qxd3 36. Rxd3 Bxc4 37. Rde3 f6 38. h4 gxh4 39. Nd2 Bxd5 40. c4
h3+ 41. Kxh3 Be6+ 42. Kh4 exd4 43. Re4 c5 44. a3 Kf7 45. R4e2 Bf5 46. Rxe7+
Rxe7 47. Rxe7+ Kxe7 48. Kxh5 Bd3 49. Kg4 Ke6 50. Kf4 b5 51. cxb5 Kd5 52. g4 c4
53. Ne4 Bxe4 54. fxe4+ Kc5 55. e5 fxe5+ 56. Ke4 c3 57. Kd3 e4+ 58. Ke2 d3+ 59.
Kd1 0-1

[Event "SR 3. liga A2 2009/2010"]
[Site "?"]
[Date "2010.03.14"]
[Round "10.3"]
[White "Obdrzalkova, Anitta"]
[Black "Valla, Tomas"]
[Result "1-0"]
[WhiteElo "2004"]
[BlackElo "1780"]
[PlyCount "71"]
[EventDate "2009.??.??"]

1. d4 Nf6 2. c4 c5 3. d5 e6 4. Nc3 exd5 5. cxd5 d6 6. e4 g6 7. Nf3 Bg7 8. Be2
Bg4 9. Qa4+ Nfd7 10. Bf4 Bxf3 11. Bxf3 Qb6 12. Qc2 O-O 13. O-O Ne5 14. Be2 Nbd7
15. a4 a6 16. Be3 Nf6 17. a5 Qc7 18. h3 Rfe8 19. f3 Ned7 20. Qd2 b5 21. axb6
Qxb6 22. Rfb1 a5 23. Bb5 Rec8 24. Bc6 Ra7 25. Nb5 Ra6 26. Nxd6 Rxc6 27. dxc6
Qxc6 28. Nc4 a4 29. Rd1 Qb5 30. e5 Re6 31. exf6 Nxf6 32. Rac1 Nh5 33. Qd8+ Re8
34. Nd6 Rxd8 35. Nxb5 Rxd1+ 36. Rxd1 1-0

[Event "SR 3. liga A2 2009/2010"]
[Site "?"]
[Date "2010.03.14"]
[Round "10.4"]
[White "Brunovsky, Peter"]
[Black "Ujhelyi, Matus"]
[Result "1-0"]
[WhiteElo "1762"]
[BlackElo "1983"]
[PlyCount "29"]
[EventDate "2009.??.??"]

1. d4 Nf6 2. Nf3 g6 3. Bf4 Bg7 4. e3 O-O 5. Bd3 d6 6. O-O Nbd7 7. c3 Re8 8. Bg5
e5 9. dxe5 dxe5 10. Bc2 c6 11. Nbd2 Nc5 12. Nc4 Qxd1 13. Rfxd1 Bg4 14. Ncxe5
Nfe4 15. Nxg4 1-0

[Event "SR 3. liga A2 2009/2010"]
[Site "?"]
[Date "2010.03.14"]
[Round "10.5"]
[White "Takacs, Laszlo"]
[Black "Zajicek, Ferdinand"]
[Result "1-0"]
[WhiteElo "1838"]
[BlackElo "1924"]
[PlyCount "63"]
[EventDate "2009.??.??"]

1. e4 e5 2. Nf3 Nc6 3. Bb5 d6 4. O-O Bd7 5. c3 a6 6. Ba4 Nf6 7. Re1 Be7 8. h3
O-O 9. d4 exd4 10. cxd4 h6 11. Nc3 b5 12. Bc2 Nb4 13. Bb1 Nh7 14. Ne2 c5 15. d5
a5 16. a3 Na6 17. Ng3 f6 18. Qc2 f5 19. Nxf5 Bxf5 20. exf5 Nf6 21. Qe2 Rf7 22.
Qxb5 Nc7 23. Qd3 Ncxd5 24. Ba2 Nc7 25. Bxf7+ Kxf7 26. Bf4 Nfd5 27. Bg3 Bf6 28.
Re2 Rb8 29. Rb1 Nc3 30. bxc3 Rxb1+ 31. Qxb1 Bxc3 32. Qb3+ 1-0

[Event "SR 3. liga A2 2009/2010"]
[Site "?"]
[Date "2010.03.14"]
[Round "10.6"]
[White "Kastler, Peter"]
[Black "Feher, Tibor"]
[Result "0-1"]
[WhiteElo "1721"]
[BlackElo "1782"]
[PlyCount "70"]
[EventDate "2009.??.??"]

1. d4 d5 2. c4 c6 3. Nc3 Nf6 4. Nf3 e6 5. e3 dxc4 6. Bxc4 Be7 7. Qc2 Nbd7 8.
O-O O-O 9. Bd3 c5 10. Rd1 cxd4 11. Nxd4 Qb6 12. b3 Nc5 13. Ba3 Bd7 14. Nf3 Rfe8
15. Bxc5 Qxc5 16. Bxh7+ Kh8 17. Bd3 Rac8 18. Rac1 Qa5 19. Nd2 b5 20. a3 Bxa3
21. Qa2 Rxc3 22. Rxc3 Qxc3 23. Nb1 Qb2 24. Qxa3 Qxa3 25. Nxa3 a6 $11 26. Nc2
Bc6 27. Ra1 Rd8 28. Be2 Rd2 29. Nd4 Bb7 30. Kf1 e5 31. Nf3 Rd5 32. Rc1 e4 33.
Nd4 Rd7 34. h3 Kg8 35. Nc6 Rc7 0-1

[Event "SR 3. liga A2 2009/2010"]
[Site "?"]
[Date "2010.03.14"]
[Round "10.7"]
[White "Kahancova, Ivana"]
[Black "Papanek, Lubomir"]
[Result "0-1"]
[WhiteElo "1696"]
[BlackElo "1663"]
[PlyCount "98"]
[EventDate "2009.??.??"]

1. e4 c5 2. Nf3 d6 3. d4 cxd4 4. Nxd4 Nf6 5. Nc3 a6 6. Bd3 e5 7. Nf3 Bg4 8. O-O
Be7 9. Nd5 Nbd7 10. Be3 Nxd5 11. exd5 Nf6 12. Be2 O-O 13. Nd2 Bxe2 14. Qxe2
Nxd5 15. c4 Nxe3 16. Qxe3 Bg5 17. Qd3 Bxd2 18. Qxd2 Qe7 19. Rfd1 Rfd8 20. Qb4
Rac8 21. Rd5 Rc5 22. Rad1 Rxd5 23. Rxd5 f6 24. h3 Rd7 25. b3 Kf7 26. Qe1 Qe6
27. Qe3 g6 28. Kh2 Qf5 29. g3 Kg7 30. Kg2 g5 31. Qd2 Qe6 32. c5 Kf7 33. cxd6 h5
34. Qd3 f5 35. Qf3 Kg6 36. Qd1 f4 37. Qd3+ Qf5 38. Kf3 g4+ 39. hxg4 hxg4+ 40.
Kg2 f3+ 41. Kf1 Qxd3+ 42. Rxd3 Kf5 43. Ke1 Ke6 44. Kd2 Rxd6 45. Rxd6+ Kxd6 46.
Ke3 Kd5 47. a3 b6 48. Kd3 e4+ 49. Ke3 Ke5 0-1

[Event "SR 3. liga A2 2009/2010"]
[Site "?"]
[Date "2010.03.14"]
[Round "10.1"]
[White "Kocmal, Jaroslav"]
[Black "Lukac, Tomas"]
[Result "1/2-1/2"]
[WhiteElo "2031"]
[BlackElo "1932"]
[PlyCount "34"]
[EventDate "2009.??.??"]

1. d4 e6 2. c4 f5 3. Nc3 Nf6 4. g3 d5 5. Bg2 c6 6. Nf3 Bd6 7. O-O Nbd7 8. b3
O-O 9. Bb2 Qe8 10. Qc2 Ne4 11. Ne1 Qh5 12. Nd3 Rf6 13. Bc1 g5 14. Bf3 Qh3 15.
Bg2 Qh5 16. Bf3 Qh3 17. Bg2 Qh5 1/2-1/2

[Event "SR 3. liga A2 2009/2010"]
[Site "?"]
[Date "2010.03.14"]
[Round "10.2"]
[White "Pagac, Robert"]
[Black "Halas, Miroslav"]
[Result "1/2-1/2"]
[WhiteElo "1830"]
[BlackElo "1939"]
[PlyCount "30"]
[EventDate "2009.??.??"]

1. e4 e6 2. d4 b6 3. Nf3 Bb7 4. Bd3 c5 5. Be3 Nf6 6. e5 Nd5 7. Bg5 Be7 8. Bxe7
Qxe7 9. c3 Nf4 10. O-O g5 11. Nbd2 Nxd3 12. Nc4 Kf8 13. Qxd3 Ba6 14. b3 b5 15.
Nd6 b4 $11 1/2-1/2

[Event "SR 3. liga A2 2009/2010"]
[Site "?"]
[Date "2010.03.14"]
[Round "10.3"]
[White "Svoboda, Adam"]
[Black "Brisudova, Veronika"]
[Result "1/2-1/2"]
[WhiteElo "1821"]
[BlackElo "1737"]
[PlyCount "132"]
[EventDate "2009.??.??"]

1. e4 c5 2. Nf3 d6 3. d4 cxd4 4. Nxd4 Nf6 5. Nc3 a6 6. Be3 e5 7. Nb3 Be7 8. Qd2
Ng4 9. Nd5 Nxe3 10. Nxe3 O-O 11. Bc4 Be6 12. Bd5 Nc6 13. O-O Rc8 14. Rad1 Qc7
15. c3 Rcd8 16. Qd3 Bg5 17. Nd2 Bxe3 18. fxe3 Bg4 19. Nf3 Kh8 20. Rd2 Ne7 21.
Ng5 Nxd5 22. exd5 g6 23. Rdf2 Rd7 24. h3 h6 25. hxg4 hxg5 26. e4 Kg7 27. Rf6
Rh8 28. Qe3 Qc5 29. Qxc5 dxc5 30. Rb6 Rh4 31. Re1 Rxg4 32. Kf2 Rf4+ 33. Kg3 Kf8
34. b3 Ke7 35. a4 Kd8 36. a5 Kc7 37. b4 c4 38. Re3 Rd6 39. Rxd6 Kxd6 40. Kh3 f5
41. g3 $11 Rf1 42. Kg2 Rd1 43. Rf3 Rd3 44. Kf2 fxe4 45. Re3 Kxd5 46. Ke2 g4 47.
Kf2 Rd2+ 48. Kf1 $11 Rh2 49. Kg1 Rh8 50. Kf2 Rb8 51. Ke1 b6 52. axb6 Rxb6 53.
Re2 Rf6 54. Re3 Rf3 55. Kd2 Rf2+ 56. Kc1 Ra2 57. Kd1 Ra3 58. Kd2 Rb3 59. Kc2 g5
60. Kd2 Rb2+ 61. Kd1 Rg2 62. Ke1 Rb2 63. Kd1 a5 64. bxa5 Ra2 65. Ke1 Rxa5 66.
Kd1 Ra2 $11 1/2-1/2

[Event "SR 3. liga A2 2009/2010"]
[Site "?"]
[Date "2010.03.14"]
[Round "10.4"]
[White "Harasta, Juraj"]
[Black "Bahna, Jan"]
[Result "0-1"]
[WhiteElo "1688"]
[BlackElo "1960"]
[PlyCount "106"]
[EventDate "2009.??.??"]

1. e4 e5 2. f4 d5 3. Nf3 Bg4 4. exd5 e4 5. Bb5+ c6 6. dxc6 bxc6 7. Qe2 Bxf3 8.
gxf3 Qh4+ 9. Kd1 Qxf4 10. d4 Qxf3 11. Qxf3 exf3 12. Re1+ Kd7 13. Ba4 Bd6 14. h3
Nf6 15. Bg5 Nd5 16. c4 Nf4 17. Bxf4 Bxf4 18. Nd2 f2 19. Rf1 Be3 20. Nf3 f6 21.
Kc2 Kd6 22. Rad1 Nd7 23. Nh4 g6 24. Ng2 Rhe8 25. Rd3 Bh6 26. Rxf2 f5 27. d5 c5
28. Nf4 Re4 29. Bxd7 Rxc4+ 30. Rc3 Rxf4 31. Rxf4 Bxf4 32. Be6 Rb8 33. Rc4 Be5
34. b3 Rb4 35. Kd3 Rb7 36. Ke2 Bd4 37. Kf3 Ke5 38. Bg8 g5 39. Be6 h5 40. Rc2
g4+ 41. hxg4 hxg4+ 42. Kg3 Rh7 43. Re2+ Kf6 44. Kf4 Re7 45. Re1 Bf2 46. Rh1 g3
47. Kf3 Rg7 48. Kg2 Rg5 49. Rh7 a5 50. Rh6+ Ke5 51. Bf7 f4 52. Re6+ Kf5 53.
Bg6+ Rxg6 0-1

[Event "SR 3. liga A2 2009/2010"]
[Site "?"]
[Date "2010.03.14"]
[Round "10.5"]
[White "Klanica, Anton"]
[Black "Harastova, Viera"]
[Result "0-1"]
[WhiteElo "1894"]
[BlackElo "1651"]
[PlyCount "98"]
[EventDate "2009.??.??"]

1. e4 e5 2. Nf3 Nc6 3. Bb5 a6 4. Ba4 Nf6 5. d3 d6 6. Bg5 Be7 7. O-O h6 8. Bxf6
Bxf6 9. h3 Be6 10. Nc3 O-O 11. Bb3 Be7 12. Ne2 Bxb3 13. axb3 d5 14. Ng3 dxe4
15. dxe4 Qxd1 16. Rfxd1 Rfd8 17. Kf1 g6 18. Ke2 Rxd1 19. Rxd1 Rd8 20. Rxd8+
Bxd8 21. Kd3 Be7 22. c3 Bc5 23. Ke2 a5 24. Nd2 b5 25. f3 f6 26. Kd3 Kf7 27. Ne2
Ke6 28. g4 Nd8 29. f4 f5 30. fxe5 Kxe5 31. Nf3+ Kf6 32. gxf5 gxf5 33. Ng3 Ne6
34. exf5 Nf4+ 35. Ke4 Nxh3 36. Nh5+ Kf7 37. Ne5+ Kg8 38. Kd5 Bd6 39. Ng4 Nf4+
40. Nxf4 Bxf4 41. Ke6 Kf8 42. f6 h5 43. Nf2 h4 44. Kf5 Bc1 45. Kg4 Bxb2 46. Ne4
a4 47. bxa4 bxa4 48. Kxh4 a3 49. Nc5 a2 0-1

[Event "SR 3. liga A2 2009/2010"]
[Site "?"]
[Date "2010.03.14"]
[Round "10.6"]
[White "Harasta, Marian"]
[Black "Holicky, Miroslav"]
[Result "0-1"]
[WhiteElo "1608"]
[BlackElo "1801"]
[PlyCount "86"]
[EventDate "2009.??.??"]

1. d4 d5 2. c4 c6 3. Nc3 Nf6 4. Nf3 e6 5. e3 Nbd7 6. Bd3 dxc4 7. Bxc4 b5 8. Bd3
Bd6 9. Qc2 Bb7 10. a3 Qb6 11. Ne4 Nxe4 12. Bxe4 Nf6 13. Bd2 Nxe4 14. Qxe4 c5
15. dxc5 Bxe4 16. cxb6 axb6 17. O-O Bxf3 18. gxf3 Ra4 19. Rfc1 Kd7 20. f4 Rc4
21. Rxc4 bxc4 22. a4 Ra8 23. a5 bxa5 24. Rxa5 Rxa5 25. Bxa5 Kc6 26. Kf1 e5 27.
fxe5 Bxe5 28. Bc3 Bxc3 29. bxc3 Kb5 30. Ke2 Ka4 31. e4 g5 32. Ke3 Kb3 33. Kd4
g4 34. Ke5 Kxc3 35. Kf6 Kd3 36. e5 c3 37. Kxf7 c2 38. e6 c1=Q 39. e7 Qf4+ 40.
Kg8 Qg5+ 41. Kf7 Qg6+ 42. Kf8 Ke2 43. f4 gxf3 0-1

[Event "SR 3. liga A2 2009/2010"]
[Site "?"]
[Date "2010.03.14"]
[Round "10.7"]
[White "Puskas, Miroslav"]
[Black "Berger, Patrik"]
[Result "1/2-1/2"]
[WhiteElo "1980"]
[BlackElo "1627"]
[PlyCount "87"]
[EventDate "2009.??.??"]

1. e4 c5 2. Nf3 d6 3. d4 cxd4 4. Nxd4 Nf6 5. Nc3 g6 6. Be2 Bg7 7. Be3 O-O 8.
Qd2 Nc6 9. O-O-O Bd7 10. h4 Qa5 11. Nb3 Qc7 12. h5 Be6 13. hxg6 fxg6 14. Bh6
Rac8 15. Bxg7 Kxg7 16. f3 Nb4 17. Kb1 Bxb3 18. cxb3 h5 19. g4 Rh8 20. gxh5 Rxh5
21. Rxh5 gxh5 22. a3 Nc6 23. Bc4 Rh8 24. Qg5+ Kf8 25. Rg1 Ke8 26. Be6 Qb6 27.
Nd5 Qd4 28. Qg7 Rf8 29. Nc7+ Kd8 30. Qxf8+ Kxc7 31. Rc1 Qd3+ 32. Ka2 Kb6 33.
Rc3 Qe2 34. Bd5 Nb4+ 35. axb4 Qa6+ 36. Kb1 Qf1+ 37. Rc1 Qd3+ 38. Rc2 Qd1+ 39.
Ka2 Qxc2 40. Qd8+ Qc7 41. Qh8 Qc2 42. Qd8+ Qc7 43. Qh8 Qd7 44. Bf7 $11 1/2-1/2

[Event "SR 3. liga A2 2009/2010"]
[Site "?"]
[Date "2010.03.14"]
[Round "10.8"]
[White "Drabek, Martin"]
[Black "Kolenak, Matus"]
[Result "0-1"]
[WhiteElo "1449"]
[BlackElo "1660"]
[PlyCount "76"]
[EventDate "2009.??.??"]

1. e4 c5 2. Nf3 d6 3. d4 cxd4 4. Nxd4 Nf6 5. Nc3 a6 6. Be3 e6 7. Bc4 Be7 8. Qd2
O-O 9. O-O-O b5 10. Bd3 Bb7 11. a3 Nbd7 12. f3 d5 13. g4 b4 14. Na2 bxa3 15.
bxa3 Bxa3+ 16. Kb1 Qb6+ 17. Nb3 Bc5 18. Bxc5 Nxc5 19. Qb4 Qxb4 20. Nxb4 Nxb3
21. cxb3 dxe4 22. g5 Nd5 23. Nxd5 exd5 24. Be2 Rac8 25. Kb2 f5 26. Rd4 Rc7 27.
Rc1 Rfc8 28. Rxc7 Rxc7 29. Ra4 Kf7 30. fxe4 fxe4 31. Bxa6 Bxa6 32. Rxa6 e3 33.
Ra1 d4 34. Re1 Ke6 35. b4 Kd5 36. Kb3 Ke4 37. b5 d3 38. b6 Rc6 0-1

[Event "SR 3. liga A2 2009/2010"]
[Site "?"]
[Date "2010.03.14"]
[Round "10.1"]
[White "Schmikli, Laszlo"]
[Black "Manak, Jozef"]
[Result "1/2-1/2"]
[WhiteElo "2243"]
[BlackElo "2016"]
[PlyCount "92"]
[EventDate "2009.??.??"]

1. e4 c5 2. c3 Nf6 3. d3 d5 4. e5 Ng8 5. f4 Nc6 6. Nf3 Bg4 7. h3 Bxf3 8. Qxf3
e6 9. Na3 Nge7 10. g4 g6 11. Bg2 Qb6 12. O-O h5 13. Be3 hxg4 14. hxg4 Qxb2 15.
Bxc5 Nc8 16. Bxf8 Kxf8 17. d4 Qxa3 18. f5 gxf5 19. gxf5 Qe7 20. fxe6 Qxe6 21.
Qxd5 Qxd5 22. Bxd5 Nd8 23. Rf3 Ke7 24. Raf1 Rf8 25. Bb3 Nb6 26. d5 Nd7 27. Re1
Nc5 28. Bc2 a5 29. Kf2 Ra6 30. Ke3 Rh6 31. Kd4 b6 32. Rb1 Rh2 33. Bf5 Nd7 34.
Bxd7 Kxd7 35. Rxb6 Rxa2 36. Ra6 Re8 37. Ra7+ Kc8 38. Rf5 Re2 39. Rxa5 Rh8 40.
Rf4 Rh1 41. Ra8+ Kd7 42. Ra7+ Ke8 43. Rg4 Kf8 44. Ra8 Ke7 45. Rg8 Rd1+ 46. Kc5
Ne6+ 1/2-1/2

[Event "SR 3. liga A2 2009/2010"]
[Site "?"]
[Date "2010.03.14"]
[Round "10.2"]
[White "Mihalik, Anton"]
[Black "Ivan, Imrich ml"]
[Result "1-0"]
[WhiteElo "1961"]
[BlackElo "2079"]
[PlyCount "59"]
[EventDate "2009.??.??"]

1. c4 Nf6 2. Nc3 b6 3. Nf3 Bb7 4. d4 e6 5. Bg5 Be7 6. e3 h6 7. Bh4 O-O 8. Be2
d5 9. cxd5 Nxd5 10. Bxe7 Qxe7 11. Qb3 Nd7 12. O-O c5 13. Rac1 cxd4 14. Nxd4 Nc5
15. Qc2 Qg5 16. Nf3 Qf6 17. a3 Rac8 18. Nd2 Nxc3 19. Qxc3 Qg6 20. Nf3 Bxf3 21.
Bxf3 Nd3 22. Qxc8 Rxc8 23. Rxc8+ Kh7 24. b4 e5 25. Bd5 e4 26. Re8 Nb2 27. Rc1
Qh5 28. Bxe4+ f5 29. Re5 g5 30. Re7+ 1-0

[Event "SR 3. liga A2 2009/2010"]
[Site "?"]
[Date "2010.03.14"]
[Round "10.3"]
[White "Finszter, Mate"]
[Black "Bincik, Pavol"]
[Result "1/2-1/2"]
[WhiteElo "2056"]
[BlackElo "1904"]
[PlyCount "93"]
[EventDate "2009.??.??"]

1. d4 d5 2. Nc3 Nf6 3. Bg5 c6 4. Bxf6 exf6 5. e3 Qb6 6. Rb1 Bf5 7. Bd3 Bg6 8.
Nge2 Bd6 9. O-O O-O 10. Ng3 Re8 11. Qf3 Nd7 12. Nf5 Qc7 13. Nxd6 Qxd6 14. Rfd1
b5 15. Ne2 Be4 16. Qg3 Qb8 $11 17. Qxb8 Raxb8 18. Ng3 Nb6 19. Nxe4 dxe4 20. Be2
a5 21. Rdc1 Kf8 22. c4 bxc4 23. Bxc4 Nxc4 24. Rxc4 Rb6 25. b3 Ke7 26. Rbc1 Kd6
27. g4 Ra8 28. Kg2 Raa6 29. Kg3 g5 30. R1c2 Rb4 31. h3 Rab6 32. Rc1 Rxc4 33.
Rxc4 Rb5 $11 34. h4 h6 35. Rc1 Rb4 36. hxg5 hxg5 37. f4 a4 38. Rc3 axb3 39.
axb3 Rb5 40. Kf2 Ra5 41. Rc2 Ra1 42. Rc5 Ra2+ 43. Kg3 Re2 44. fxg5 fxg5 45.
Rxg5 Rxe3+ 46. Kf4 Rxb3 47. Kxe4 1/2-1/2

[Event "SR 3. liga A2 2009/2010"]
[Site "?"]
[Date "2010.03.14"]
[Round "10.4"]
[White "Curidlo, Jan"]
[Black "Abraham, Jan"]
[Result "1/2-1/2"]
[WhiteElo "1928"]
[BlackElo "1981"]
[PlyCount "59"]
[EventDate "2009.??.??"]

1. Nf3 Nf6 2. c4 e6 3. Nc3 d5 4. e3 c5 5. d4 Nc6 6. Be2 cxd4 7. Nxd4 Be7 8. O-O
O-O 9. a3 Nxd4 10. Qxd4 dxc4 11. Qxc4 Bd7 12. Rd1 Qb6 13. Qf4 Rfd8 14. b4 Bc6
15. Bb2 Rxd1+ 16. Rxd1 Rd8 17. h3 Rxd1+ 18. Nxd1 Qd8 19. Qd4 a6 20. Qxd8+ Bxd8
21. Kf1 Kf8 22. f3 Ke7 23. Bd4 Bc7 24. Bd3 e5 25. Bc5+ Bd6 26. Bxd6+ Kxd6 27.
e4 Ba4 28. Ne3 Bd7 29. Nc4+ Ke6 30. Ne3 1/2-1/2

[Event "SR 3. liga A2 2009/2010"]
[Site "?"]
[Date "2010.03.14"]
[Round "10.5"]
[White "Csefalvay, Stefan"]
[Black "Slaby, Jozef"]
[Result "1/2-1/2"]
[WhiteElo "1908"]
[BlackElo "1963"]
[PlyCount "106"]
[EventDate "2009.??.??"]

1. Nf3 d5 2. c4 Nf6 3. cxd5 Nxd5 4. Nc3 e6 5. g3 Be7 6. e4 Nf6 7. d4 O-O 8. Bg2
c6 9. O-O Nbd7 10. Bg5 h6 11. Bf4 Nb6 12. Qe2 Bd7 13. Rad1 Bb4 14. h3 Rc8 15.
Ne5 Bxc3 16. bxc3 Qe7 17. c4 Rfd8 18. Qc2 Nh5 19. Be3 Nf6 20. c5 Na8 21. Qa4 a6
22. Rb1 Rb8 23. Nc4 Be8 24. Rfd1 g5 25. Qc2 Rd7 26. Rd3 Qd8 27. Rdb3 Re7 28.
Bf1 b5 29. cxb6 Reb7 30. Bg2 Nxb6 31. Na5 Re7 32. Nxc6 Bxc6 33. Qxc6 Rc7 34.
Rxb6 Rxc6 35. Rxb8 Rc8 36. Rxc8 Qxc8 37. Rb2 a5 38. d5 exd5 39. exd5 Qc3 40.
Rd2 Nd7 41. d6 $11 a4 42. Bf3 a3 43. Bg4 Qc6 44. Rd3 Kg7 45. Bxd7 Qxd7 46. Rxa3
$11 Qxd6 47. Ra7 Kg6 48. g4 f5 49. gxf5+ Kxf5 50. a4 Ke4 51. a5 Qd1+ 52. Kh2
Qd6+ 53. Kg1 Qd1+ 1/2-1/2

[Event "SR 3. liga A2 2009/2010"]
[Site "?"]
[Date "2010.03.14"]
[Round "10.6"]
[White "Manak, Adrian"]
[Black "Vizvari, Ludovit"]
[Result "0-1"]
[WhiteElo "1815"]
[BlackElo "2015"]
[PlyCount "114"]
[EventDate "2009.??.??"]

1. e4 c5 2. Nf3 e6 3. d4 cxd4 4. Nxd4 a6 5. Nc3 Qc7 6. Be2 Nf6 7. Bg5 Bb4 8.
O-O Bxc3 9. Bxf6 gxf6 10. bxc3 Qxc3 11. Rb1 Nc6 12. Nxc6 Qxc6 13. Bd3 d6 14.
Qg4 Bd7 15. Rb3 e5 16. Qh4 Ke7 17. f4 Rag8 18. fxe5 dxe5 19. Be2 Rg6 20. Bh5
Rh6 21. Qf2 b5 22. Rf3 Rg8 23. Qe3 Rxh5 24. Rxf6 Qxc2 25. Rxf7+ Ke8 26. R7f2
Qc6 27. Rf6 Qc2 28. R6f2 Qc7 29. Qa3 Qb6 30. Kh1 b4 31. Qb3 Be6 32. Qd3 Rhg5
33. g3 R5g6 34. Qc2 Ke7 35. Qe2 Bh3 36. Rf7+ Ke8 37. R1f2 Qc6 38. Qe3 Rd6 39.
Qe2 Qc1+ 40. Rf1 Bxf1 41. Rxf1 Qc7 42. Qh5+ Rdg6 43. Rf5 Qc1+ 44. Kg2 Qd2+ 45.
Kg1 Qe3+ 46. Kg2 Qxe4+ 47. Kg1 Qe3+ 48. Kg2 Qd2+ 49. Kg1 Kd7 50. Qxh7+ Kd6 51.
Rf7 Rxg3+ 52. hxg3 Rxg3+ 53. Kf1 Qg2+ 54. Ke1 Re3+ 55. Kd1 Qe2+ 56. Kc1 Rc3+
57. Kb1 Qd1+ 0-1

[Event "SR 3. liga A2 2009/2010"]
[Site "?"]
[Date "2010.03.14"]
[Round "10.7"]
[White "Vegh, Vince"]
[Black "Gubis, Vladimir"]
[Result "1-0"]
[WhiteElo "1920"]
[BlackElo "1786"]
[PlyCount "85"]
[EventDate "2009.??.??"]

1. e4 c5 2. Nf3 d6 3. d4 cxd4 4. Nxd4 Nf6 5. Nc3 a6 6. a4 b6 7. Bd3 e6 8. O-O
Qc7 9. Be3 Nbd7 10. Kh1 Ne5 11. f4 Nc4 12. Bc1 Be7 13. Qe2 Na5 14. e5 Ng8 15.
f5 d5 16. f6 gxf6 17. Nxd5 Qc5 18. Nxe7 Nxe7 19. exf6 Qxd4 20. fxe7 Bb7 21. Be3
Qd6 22. Qf2 Qxe7 23. Bxb6 Rg8 24. Rg1 Qg5 25. b4 Nc6 26. b5 Ne5 27. Be2 Ng4 28.
Qg3 h5 29. h3 f5 30. bxa6 Be4 31. Qc7 Rg7 32. Bb5+ Kf8 33. Qd6+ Kg8 34. Bc6 Qh4
35. Bxe4 Nf2+ 36. Bxf2 Qxe4 37. Rae1 Qxc2 38. Qxe6+ Kh7 39. Ref1 Rag8 40. Be3
Rg6 41. Qxf5 Qxa4 42. Qxh5+ Kg7 43. Bh6+ 1-0

[Event "SR 3. liga A2 2009/2010"]
[Site "?"]
[Date "2010.03.14"]
[Round "10.8"]
[White "Nemsak, Denis"]
[Black "Bogi, Timea"]
[Result "0-1"]
[WhiteElo "1645"]
[BlackElo "1589"]
[PlyCount "106"]
[EventDate "2009.??.??"]

1. c4 Nf6 2. Nc3 e5 3. Nf3 Nc6 4. d3 b6 5. a3 Bb7 6. b4 d6 7. g3 Nd4 8. Bg2
Nxf3+ 9. exf3 Be7 10. O-O O-O 11. Re1 Re8 12. d4 exd4 13. Qxd4 Rb8 14. Bb2 Bf8
15. g4 Nd7 16. Nb5 Rxe1+ 17. Rxe1 a6 18. Nc3 Ne5 19. Ne4 Ng6 20. Bc1 Be7 21. f4
Nh4 22. Qd3 Nxg2 23. Kxg2 d5 24. cxd5 Qxd5 25. Qxd5 Bxd5 26. Bb2 Kf8 27. f3 f6
28. Ng3 Bd6 29. Nh5 Kf7 30. h4 Be7 31. Ng3 Bd6 32. Nh5 Be7 33. Nxg7 Rd8 34. Nf5
Bf8 35. Kg3 Ba8 36. Rc1 c5 37. bxc5 Bxc5 38. h5 Rd7 39. Bc3 Rd3 40. Nh4 Bxa3
41. Rc2 Bc5 42. g5 fxg5 43. fxg5 Be4 44. Kf4 Bc6 45. g6+ hxg6 46. hxg6+ Kg8 47.
Be5 Bd7 48. Re2 Bd6 49. Ke4 Rd1 50. Bb2 Bc6+ 51. Kf5 Bd7+ 52. Kf6 Rd5 53. Ng2
Rf5# 0-1

[Event "SR 3. liga A2 2009/2010"]
[Site "?"]
[Date "2010.03.14"]
[Round "10.1"]
[White "Kapusta, Petr"]
[Black "Cechovic, Stefan"]
[Result "0-1"]
[WhiteElo "2126"]
[BlackElo "2181"]
[PlyCount "82"]
[EventDate "2009.??.??"]

1. e4 e5 2. Nf3 Nf6 3. Nxe5 d6 4. Nf3 Nxe4 5. d4 d5 6. Bd3 Be7 7. O-O Nc6 8. c4
Nf6 9. Nc3 O-O 10. Re1 Bg4 11. cxd5 Nxd5 12. Nxd5 Qxd5 13. Be4 Qd6 14. Qd3 Bxf3
15. Qxf3 Nxd4 16. Bxh7+ Kxh7 17. Qe4+ Kg8 18. Bf4 Qb6 19. Qxe7 Nc2 20. Bxc7 Qg6
21. g3 Nxa1 22. Rxa1 Rfe8 23. Qb4 Qc6 24. Bf4 Re4 25. Qd2 Rc8 26. Be3 a6 27. b3
Re7 28. a4 Rd7 29. Qb2 Qe4 30. Rc1 Rxc1+ 31. Qxc1 Rd3 32. b4 Rb3 33. Qc8+ Kh7
34. Bc1 Rb1 35. f3 Qe3+ 36. Kg2 Rxc1 37. Qf5+ Kg8 38. b5 Qe2+ 39. Kh3 Rc4 40.
g4 axb5 41. axb5 Rc2 0-1

[Event "SR 3. liga A2 2009/2010"]
[Site "?"]
[Date "2010.03.14"]
[Round "10.2"]
[White "Liptak, Tomas"]
[Black "Londin, Martin"]
[Result "1-0"]
[WhiteElo "2036"]
[BlackElo "2005"]
[PlyCount "120"]
[EventDate "2009.??.??"]

1. e4 e5 2. Nf3 Nc6 3. Bc4 Bc5 4. O-O Nf6 5. Re1 O-O 6. c3 d6 7. h3 Re8 8. Bb3
h6 9. d3 Bb6 10. Nbd2 Na5 11. Bc2 c5 12. d4 cxd4 13. cxd4 exd4 14. b3 Nc6 15.
Nf1 Nb4 16. Bb2 Nxc2 17. Qxc2 Re7 18. Nxd4 Qe8 19. Ng3 d5 20. Re2 dxe4 21. Rae1
Qd8 22. Ndf5 Rc7 23. Rd1 Rxc2 24. Rxd8+ Bxd8 25. Rxc2 Bd7 26. Nd6 Bc6 27. Ngf5
Bd5 28. Rc3 Kh7 29. Bc1 g6 30. Nxh6 Be7 31. Nhxf7 Bxd6 32. Nxd6 Bc6 33. Nxb7
Bd7 34. Rc7 Rc8 35. Rxc8 Bxc8 36. Nd6 Bd7 37. Bg5 Nd5 38. Nxe4 Bf5 39. Nd2 Nc3
40. a3 Nb1 41. Nxb1 Bxb1 42. Kf1 Kg7 43. Ke2 Kf7 44. Ke3 Ke6 45. Kd4 Bc2 46. b4
Ba4 47. Kc5 Kd7 48. Be3 Bc6 49. g3 Kc7 50. b5 Bg2 51. h4 Bf3 52. a4 Be4 53. a5
Bf3 54. Bf4+ Kb7 55. b6 axb6+ 56. axb6 Kc8 57. Kd6 Kb7 58. Be3 Kc8 59. Ke6 Be4
60. Kf6 Kd7 1-0

[Event "SR 3. liga A2 2009/2010"]
[Site "?"]
[Date "2010.03.14"]
[Round "10.3"]
[White "Pekar, Tibor"]
[Black "Vagovsky, Jozef"]
[Result "1/2-1/2"]
[WhiteElo "1972"]
[BlackElo "1986"]
[PlyCount "51"]
[EventDate "2009.??.??"]

1. e4 e6 2. d4 d5 3. exd5 exd5 4. Bb5+ c6 5. Bd3 Nf6 6. Bg5 Be7 7. Nf3 Bg4 8.
h3 Bh5 9. c3 Nbd7 10. O-O O-O 11. Nbd2 Re8 12. Qc2 Bg6 13. Rfe1 Nf8 14. Nh4
Bxd3 15. Qxd3 Ne6 16. Be3 Qc7 17. Nf5 Bf8 18. g3 Kh8 19. Re2 Ng8 20. Rae1 g6
21. Nh4 Nf6 22. Ng2 Bd6 23. f4 Ne4 24. Nxe4 dxe4 25. Qc4 f5 26. Rd2 1/2-1/2

[Event "SR 3. liga A2 2009/2010"]
[Site "?"]
[Date "2010.03.14"]
[Round "10.4"]
[White "Liptak, Dusan"]
[Black "Vepy, Ivan"]
[Result "0-1"]
[WhiteElo "1916"]
[BlackElo "1920"]
[PlyCount "96"]
[EventDate "2009.??.??"]

1. Nf3 Nf6 2. g3 d5 3. Bg2 Nc6 4. d4 Bg4 5. O-O h6 6. b3 e6 7. Bb2 Ne4 8. Nfd2
Ng5 9. f3 Bh3 10. c3 Bd6 11. e4 O-O 12. e5 Be7 13. f4 Bxg2 14. Kxg2 Nh7 15. Qe2
Qd7 16. Na3 a6 17. Nc2 Rac8 18. Ne3 Nb8 19. c4 c5 20. cxd5 exd5 21. g4 Nc6 22.
Nf5 Nxd4 23. Bxd4 cxd4 24. Nf3 Rc3 25. Nxe7+ Qxe7 26. Rad1 Rfc8 27. Rxd4 Nf6
28. Ne1 Qc5 29. Rd3 Ne4 30. Rff3 Qb5 31. Rfe3 Rc1 32. Kf1 Qb4 33. Qb2 R8c2 34.
Qxc2 Rxc2 35. Nxc2 Qc5 36. Re2 Nc3 37. Red2 b5 38. Ne3 Qb4 39. Rd4 Qa3 40. Nxd5
Nxa2 41. Rc2 Qxb3 42. Rdd2 Nb4 43. Rc8+ Kh7 44. Nc3 Qe6 45. Rf8 Qxg4 46. Rxf7
Qf3+ 47. Rf2 Qxc3 48. Kg1 Nd3 0-1